000 00496nam a22001697a 4500
005 20251108164950.0
008 250721s9999 xx 000 0 ara d
082 1 4 _a335.42/مين
100 1 _aمينايف،
245 1 0 _aالإشتراكية العلمية :
_bنشؤوها و مبادئها /
264 1 _aحلب :
_bمنشورات دار الفجر،
_c[19-].
300 _a159ص
650 1 7 _aالإشتراكية
650 1 7 _aالشيوعية
942 _2ddc
_cBK
999 _c18605
_d18605